Ρωμαϊκή ιστορία
Αποθηκεύτηκε σε:
| Κύριος συγγραφέας: | |
|---|---|
| Μορφή: | Βιβλίο |
| Γλώσσα: | Greek |
| Δημοσίευση: |
Αθήναι :
Μίνωας,
1960-
|
| Θέματα: | |
| Ετικέτες: |
Προσθήκη ετικέτας
Δεν υπάρχουν, Καταχωρήστε ετικέτα πρώτοι!
|
MARC
| LEADER | 00000cam a2200000 i 4500 | ||
|---|---|---|---|
| 001 | 1/96914 | ||
| 008 | 081110m19609999gr | ||| |||| ||gre|| | ||
| 035 | |l 10101519 | ||
| 040 | |a GR-MY-UA |b gre |e aacr | ||
| 041 | 0 | |a gre | |
| 082 | 0 | |a 937 |2 (22) | |
| 100 | 1 | |a Cary, M. |q (Max), |d 1881-1958. | |
| 245 | 1 | 0 | |a Ρωμαϊκή ιστορία / |c M. Cary |
| 260 | |a Αθήναι : |b Μίνωας, |c 1960- | ||
| 300 | |a ...τ.; |b χάρτες, φωτ., εικ.; |c 24 εκ. | ||
| 504 | |a Περιλαμβάνει βιβλιογραφίες | ||
| 651 | 0 | |a Rome |x History. | |
| 651 | 0 | |a Italy |x History. | |
| 651 | 0 | |a Rome |x Civilization. | |
| 852 | |a INST |b RHODES |c AKA |e 20081110 |h 937 CAR |p 005400031116 |q 005400031116 |t REF |v τ.1: |y 23 |z τ.1 | ||
| 852 | |a INST |b RHODES |c AKA |e 20081110 |h 937 CAR |p 005400031117 |q 005400031117 |t REF |v τ.2: |y 23 |z τ.2 | ||
| 853 | |a INST |b RHODES |c AKA |h 937 CAR | ||
| 901 | |a BIBL4-2008-3 | ||
| 909 | |a Ρ |b 153566 | ||
| 909 | |a Ρ |b 153567 | ||
| 970 | |a ΧΑΡΙΟΠΟΛΙΤΟΥ |b ΚΩΝΣΤΑΝΤΙΝΑ |z 2008/11/10 | ||